• 首页
  • 本馆介绍
  • 公告通知
  • 最新文献
  • 馆藏检索
  • 电子资源
  • 读者导购
  • 参考咨询
  • 我的图书馆
  • 登录
  • 详细信息显示
  • 放入我的书架
  • 预约/预借图书
  • 作者相关作品
  • 分类相关作品
  • 丛书相关作品
  • 出版社相关作品

书目信息

  • 表格格式
  • 工作单格式
  • 卡片格式
题名:
儒家性命思想视野中的文道关系诸问题
    
 
作者: 张炳尉 著
分册:  
出版信息: 北京   北京师范大学出版社  2013
页数: 213页
开本: 21cm
丛书名:
单 册:
中图分类: G222.05 , B222.05
科图分类:
主题词: 儒家--哲学思想--研究 , 先秦哲学
电子资源:
ISBN: 978-7-303-15647-4
000 00993nam0 2200265 450
001 337749
005 20150526110843.51
010    @a978-7-303-15647-4@dCNY28.00
100    @a20130527d2013 em y0chiy50 ea
101 0  @achi
102    @aCN@b110000
105    @ay z 000yy
106    @ar
200 1  @a儒家性命思想视野中的文道关系诸问题@Aru jia xing ming si xiang shi ye zhong de wen dao guan xi zhu wen ti@f张炳尉著
210    @a北京@c北京师范大学出版社@d2013
215    @a213页@d21cm
300    @a北京市社会科学理论著作出版基金资助
330    @a本书首先对先秦儒学思想史上几桩聚讼纷纭的学术公案进行重新考察;在此基础上, 梳理儒家人性论建构的三个基本维度, 剖析诸儒之说的异同, 揭示性命思想的演变机制与内在困境;然后以此为视角、方法, 对文道关系等问题进行阐发。
606 0  @a儒家@x哲学思想@x研究
606 0  @a先秦哲学
690    @aG222.05@v5
690    @aB222.05@v4
701  0 @a张炳尉@Azhang bing wei@f(1975)@4著
801  0 @aCN@b卓展宏图@c20150525
905    @dB222.05@e469@f4
    
    儒家性命思想视野中的文道关系诸问题/张炳尉著.-北京:北京师范大学出版社,2013
    213页;21cm
    北京市社会科学理论著作出版基金资助
    
    ISBN 978-7-303-15647-4:CNY28.00
    本书首先对先秦儒学思想史上几桩聚讼纷纭的学术公案进行重新考察;在此基础上, 梳理儒家人性论建构的三个基本维度, 剖析诸儒之说的异同, 揭示性命思想的演变机制与内在困境;然后以此为视角、方法, 对文道关系等问题进行阐发。
●
相关链接 在E读中查询图书 在五车中查询图书 在当当中查询图书 在豆瓣中查询图书


正题名:儒家性命思想视野中的文道关系诸问题     索取号:B222.05/469         预约/预借

序号 登录号 条形码 馆藏地/架位号 状态 备注
1 854542   208545421   第一样本阅览室/ [索取号:B222.05/469] 在馆    
2 854543   208545430   教育系资料室/ [索取号:B222.05/469] 在馆    
3 854544   208545449   第一借阅区/ [索取号:B222.05/469] 在馆    
4 854545   208545458   第一借阅区/ [索取号:B222.05/469] 在馆    
唐山师范学院图书馆 欢迎您!
大连网信软件有限公司© 版权所有